Creatividad, estm̕ulos para su desarrollo Una nueva fr̤mula para mejorar la competitividad /

Detalles Bibliográficos
Autor principal: Torres Soler, Luis Carlos
Formato: eBook
Lenguaje:español
Publicado: Bogot:̀ Ediciones de la U, 2012
Materias:
Acceso en línea:Acceso restringido

MARC

LEADER 00000nam a22000007a 4500
005 20181129104540.0
007 cr|||| ||||
008 181129s2012 co |||||s|||| 00||0 spa d
020 |a 978-958-762-043-6 
035 |a 22093 
040 |a vLex 
090 |c 8332  |d 8332 
100 1 |a Torres Soler, Luis Carlos 
245 1 0 |a Creatividad, estm̕ulos para su desarrollo  |h [Recurso electrn̤ico] :  |b Una nueva fr̤mula para mejorar la competitividad /  |c Luis Carlos Torres Soler 
256 |a Servicio en ln̕ea 
260 |a Bogot:̀  |b Ediciones de la U,  |c 2012 
300 |a 1 recurso electrn̤ico 
506 1 |a Disponible solo en los productos indicados  |d vLex Global  |d vLex Global (Academic Edition, excluding Law Schools)  |d vLex Global (U.S. Academic Edition, Law Schools)  |d vLex Global (U.S. Academic Edition, excluding Law Schools)  |d vLex Global (Academic Edition, Law Schools) 
650 0 4 |a Economa̕ y negocios  |z Colombia 
740 0 |a vLex Libros (Servicio en ln̕ea) 
856 4 0 |u http://vlex.com/source/creatividad-estimulos-para-su-desarrollo-una-nueva-formula-para-mejorar-la-competitividad-22093  |z Acceso restringido 
942 |c BOOK 
999 0 |a Economy and business